Les origines les plus representées en prison en France - Statistiques

Statistiques générales
  • Ce quiz a été pris 350 fois
    300 depuis la dernière actualisation
  • Le résultat moyen est 11 sur 20
Statistiques - réponses
Nombre de détenus en France Origine % Correct
1895 Maroc
100%
1954 Algerie
98%
1002 Tunisie
93%
194 Senegal
78%
319 Espagne
75%
213 Italie
72%
427 Congo
69%
480 Portugal
68%
301 Turquie
62%
63 Allemagne
57%
157 Chine
48%
15 États Unis
48%
18 Suisse
44%
1496 Roumanie
43%
2 Japon
35%
551 Albanie
32%
239 Pays bas
32%
196 Comores
19%
237 Georgie
11%
271 Suriname
2%
Aucun quiz correspondant
Distribution des résultats
% des personnes avec chaque résultat
Percentile par nombre de réponses
Votre historique - résultats
Vous n’avez pas pris ce quiz depuis la dernière actualisation